| 000 | 00370nam a2200145Ia 4500 | ||
|---|---|---|---|
| 008 | 200103s9999||||xx |||||||||||||| ||und|| | ||
| 020 | _a0540073792, | ||
| 040 | _aIMU-MPC | ||
| 082 | _aColumn-22 | ||
| 100 | _aGoodwin, E. M. and Kemp, J.F. | ||
| 245 | 0 | _aMarine Statistics Theory and Practice | |
| 260 |
_bStanford Maritime London _c1979 |
||
| 300 | _a336 | ||
| 942 | _cBK | ||
| 999 |
_c6694 _d6694 |
||